000 00473nam a22002177a 4500
003 UA-OsUOA
001 41253
007 ta
008 20060919b un ||||| |||| 00| 0 ukr d
100 _aJohnson R.
090 _a32(73)
942 _cBK
040 _aUA-OsUOA
_beng
_cUA-OsUOA
_dUA-OsUOA
245 _aManaging the white house
300 _a270 с.
955 _a2
041 _aeng
080 _a32(73)
650 7 _a32 Політика
_2UDC
999 _c327392
_d327392